Геохимические особенности Тарского циркон-ильменитового месторождения; Проблемы геологии и географии Сибири; Вып. 3 (III): Геохимия и минералогия. Петрология. Металлогения. Геология и экономика минерального сырья

التفاصيل البيبلوغرافية
Parent link:Проблемы геологии и географии Сибири: Материалы научной конференции, посвященной 125-летию основания Томского государственного университета и 70-летию образования геолого-географического факультета 2-4 апреля 2003 г./ ТГУ.— , 2003-
Вып. 3 (III): Геохимия и минералогия. Петрология. Металлогения. Геология и экономика минерального сырья.— 2003.— С. 118-120.
المؤلف الرئيسي: Чурилова Т. А.
اللغة:الروسية
منشور في: 2003
الموضوعات:
التنسيق: فصل الكتاب
KOHA link:https://koha.lib.tpu.ru/cgi-bin/koha/opac-detail.pl?biblionumber=104301

MARC

LEADER 00000naa2a2200000 4500
001 104301
005 20231031113920.0
035 |a (RuTPU)RU\TPU\book\112426 
090 |a 104301 
100 |a 20061031d2003 k y0rusy50 ca 
101 0 |a rus 
102 |a RU 
200 1 |a Геохимические особенности Тарского циркон-ильменитового месторождения  |f Т. А. Чурилова 
320 |a Библиогр.: 4 назв. 
461 0 |0 (RuTPU)RU\TPU\book\59582  |t Проблемы геологии и географии Сибири  |o Материалы научной конференции, посвященной 125-летию основания Томского государственного университета и 70-летию образования геолого-географического факультета 2-4 апреля 2003 г.  |f ТГУ  |d 2003-   |s Науки о Земле: геология, география, метеорология, геодезия 
463 0 |0 (RuTPU)RU\TPU\book\56947  |t Вып. 3 (III): Геохимия и минералогия. Петрология. Металлогения. Геология и экономика минерального сырья  |v С. 118-120.  |d 2003  |p 315 с. 
610 1 |a геохимия 
610 1 |a месторождения 
610 1 |a циркон 
610 1 |a ильмениты 
610 1 |a Тарское месторождение 
610 1 |a кварц-каолитовые пески 
610 1 |a содержание элементов 
610 1 |a редкие элементы 
610 1 |a редкоземельные элементы 
610 1 |a тяжёлые фракции 
610 1 |a труды учёных ТПУ 
700 1 |a Чурилова  |b Т. А. 
801 1 |a RU  |b 63413507  |c 20061031  |g PSBO 
801 2 |a RU  |b 63413507  |c 20100407  |g RCR 
942 |c BK